| 000 | 00738nam a2200121Ia 4500 | ||
|---|---|---|---|
| 008 | 220620s9999||||xx |||||||||||||| ||und|| | ||
| 245 | 0 |
_aReligious Radicalism _bDemarcations and Challenges |
|
| 546 | _aEnglish[eng] | ||
| 650 | _aReligious; radicalism; polarisation; religion;politics and government; social life; social aspects of religion; religion: general; sociology & anthropology | ||
| 700 | _aBaron, Eugene||Beyer, Jaco||Hasanov, Ravan||Kitanovic, Elizabeta||Knop, Arjan||McDonald, Jack||Meylahn, Johann||Van Reeht, Jan M.F.||Parlevliet, Leendert-Jan||De Prenter, Jannica||Sinnaghel, Harry J.Temmerman, Johan | ||
| 856 | _uhttps://library.oapen.org/bitstream/20.500.12657/48468/1/Religious%20radicalism_OPEN_ACCESS.pdf | ||
| 942 | _cEB | ||
| 999 |
_c23474 _d23474 |
||